| 000 | 00545nam a2200133Ia 4500 | ||
|---|---|---|---|
| 008 | 171212s9999 xx 000 0 und d | ||
| 020 | _a9781921536403 | ||
| 245 |
_ceditor O'Flynn, Janine;Wanna, John _aCollaborative Governance _bA new era of public policy in Australia? |
||
| 260 |
_bANU E Press _c2008 |
||
| 440 | _aAustralia and New Zealand School of Government (ANZSOG) | ||
| 650 | _aPolitical Science | ||
| 650 | _aPublic administration -- Australia; Australia -- Politics and government | ||
| 856 | _uwww.jstor.org/stable/10.2307/j.ctt24h315 | ||
| 999 |
_c351043 _d351043 |
||